Finsbury Business Centre Ltd v Mercury Communications Ltd (Record no. 11152)

MARC details
000 -LEADER
fixed length control field 01170cab a2200205 4500
001 - CONTROL NUMBER
control field ABS51243
008 - FIXED-LENGTH DATA ELEMENTS--GENERAL INFORMATION
fixed length control field 090401t xxu||||| |||| 00| 0 eng d
035 ## - SYSTEM CONTROL NUMBER
System control number (Sirsi) u16849
041 ## - LANGUAGE CODE
Language code of text/sound track or separate title eng
245 ## - TITLE STATEMENT
Title Finsbury Business Centre Ltd v Mercury Communications Ltd
350 ## - PRICE (NR) (BK AM CF MU VM SE) [OBSOLETE]
Price 0
490 ## - SERIES STATEMENT
Series statement Rating & Valuation Reporter
Volume/sequential designation 34(5) 108-112(5)
520 ## - SUMMARY, ETC.
Summary, etc. LT 13 December 1993. A reference to the Lands tribunal for determination of a claim for compensation for depreciation of the claimant`s leasehold interest in premises. The application was dismissed because the reference was misconceived; one of the main reasons being: that the claimant could not bring himself within the definition of relevant interest, and therefore was not entitled to claim compensation under para 4(4) which was the only relevant provision of the Telecommunciations Code conferring jurisdiction on the Lands Tribunal.
650 ## - SUBJECT ADDED ENTRY--TOPICAL TERM
Topical term or geographic name entry element LANDS TRIBUNAL ACT 1949
650 ## - SUBJECT ADDED ENTRY--TOPICAL TERM
Topical term or geographic name entry element LANDS TRIBUNAL RULES 1975
650 ## - SUBJECT ADDED ENTRY--TOPICAL TERM
Topical term or geographic name entry element TELECOMMUNICATIONS ACT 1984
690 ## - LOCAL SUBJECT ADDED ENTRY--TOPICAL TERM (OCLC, RLIN)
Topical term or geographic name as entry element ENVIRONMENTAL AND LAND CONSULTANCY-PLANNING AND DEVELOPMENT-COMPULSORY PURCHASE AND COMPENSATION
942 ## - ADDED ENTRY ELEMENTS (KOHA)
Suppress in OPAC 0
948 ## - LOCAL PROCESSING INFORMATION (OCLC); SERIES PART DESIGNATOR (RLIN)
c (OCLC) 04/03/1997
Holdings
Withdrawn status Lost status Source of classification or shelving scheme Damaged status Not for loan Home library Current library Shelving location Date acquired Total Checkouts Full call number Barcode Date last seen Copy number Price effective from Koha item type
    Dewey Decimal Classification     London London Journal article 14/09/1999   ABS51243 16849-1001 06/08/2019 1 06/08/2019 Law report